01054nam a2200181Ia 4500008004100000020001500041050002400056100005400080240003500134245012400169260005300293300003500346500004300381500007900424505032700503650002300830650001900853120626s1999 mx a 000 0 spa d a968166955X aN72 S6 bG6618 2003 aGombrich, E. H.d, 1909-2001eautorq(Ernst Hans) a The uses of imageslEspañol aLos usos de las imágenesb: estudios sobre la función social del arte y la comunicación visual c/ E. H. Gombrich aMéxicob: Fondo de Cultura Económicac, 1999 a304 páginasb: ilustraciones aTítulo original: The uses of images aIncluye: Sumario, Introducción, Notas, Indice, Créditos fotográficos aPinturas en las paredes Pinturas para los altares Las imágenes como objetos de lujo Cuadros para el hogar Esculturas para exteriores El sueño de la razón Magia, mito y metáfora Los placeres del aburrimiento Instrucciones gráficas Estilos artísticos y estilos de vida Lo que el arte nos dice  0aARTExPSICOLOGÍA 0aARTExSOCIEDAD